00819nam a2200217 a 450000100060000000300090000600800410001502000150005604000280007108200160009910000610011524500530017626000350022930000110026459000840027565000320035965000300039194200120042199900170043395201510045015965CO-ViMGA141112s2004 ck r 000 u spa d a9586120686 aCO-ViMGAbspacCO-ViMGA04a301.2 F676i1 aForo Nacional para, con, por, sobre, de Cultura, 92291910aImagenes y reflexiones de la Cultura en Colombia aBogotá, cColcultura, c1991 a446.p. aForma de adquisición : Donacion Biblioteca Nacional 2003 - - Precio : 10.00014aFOROS Y CONFERENCIAS92292014aPolítica CULTURAL97675 2ddccBK c25960d25960 00102ddc40708003aMEVIECARbMEVIECARd2015-12-04hVolumen. 1 | 11/jun/2009l0o301.2 F676i p15965r2015-12-04 00:00:00tEj. 1w2015-12-04yBK